Statistieken voor Hoofdsteden van Zuid-Amerika

Klik hier om de quiz te nemen!

Algemene statistieken

  • Deze quiz is 2.458 keer genomen
  • De gemiddelde score is 9 van 12

Antwoordstatistieken

LandHoofdstad% Correct
BraziliëBrasilia
94%
ArgentiniëBuenos Aires
92%
PeruLima
83%
ChiliSantiago
79%
SurinameParamaribo
76%
UruguayMontevideo
74%
ColombiaBogota
73%
BoliviaLa Paz of Sucre
64%
VenezuelaCaracas
63%
EcuadorQuito
62%
GuyanaGeorgetown
49%
ParaguayAsuncion
49%

Scoreverdeling

Percentiel versus Aantal Correcte Antwoorden

Procent van Mensen met Elke Score

Uw Scoregeschiedenis

U heeft deze quiz nog niet genomen